Factores asociados a la calidad de vida del adulto mayor : (Registro nro. 613)

Detalles MARC
000 -LEADER
fixed length control field 01934nam a2200301Ia 4500
003 - CONTROL NUMBER IDENTIFIER
control field CO-CtgCURN
005 - DATE AND TIME OF LATEST TRANSACTION
control field 20250721143458.0
008 - FIXED-LENGTH DATA ELEMENTS--GENERAL INFORMATION
fixed length control field 220709s2021 xx 000 0 und d
040 ## - CATALOGING SOURCE
Original cataloging agency CO-CtgCURN
Language of cataloging spa
Transcribing agency coctgcurn
082 ## - DEWEY DECIMAL CLASSIFICATION NUMBER
Classification number ENF 2021
Item number C292f
100 ## - MAIN ENTRY--PERSONAL NAME
Personal name Caro González, Julieth Candelaria
Relator term autora
9 (RLIN) 5916
245 #0 - TITLE STATEMENT
Title Factores asociados a la calidad de vida del adulto mayor :
Remainder of title una revisión sistemática 2021
Medium [electronic resource] /
Statement of responsibility, etc. Julieth Candelaria Caro González; Valeryn Michell Coronell De La Hoz; Laury Michell Jiménez Medina; Laura Carolina Suárez Pacheco; tutora., Edith Del Carmen Posada Peñate
260 ## - PUBLICATION, DISTRIBUTION, ETC.
Place of publication, distribution, etc. Barranquilla, Atlántico :
Name of publisher, distributor, etc. Corporación Universitaria Rafael Núñez,
Date of publication, distribution, etc. 2021
300 ## - PHYSICAL DESCRIPTION
Extent 1 recurso en línea (29 páginas (PDF)) :
Other physical details tablas, ilustraciones
502 ## - DISSERTATION NOTE
Dissertation note Trabajo de Grado (Enfermera). Corporación Universitaria Rafael Núñez. Facultad de Ciencias de la Salud. Programa de Enfermería, 2021
504 ## - BIBLIOGRAPHY, ETC. NOTE
Bibliography, etc. note Incluye referencias bibliográficas
520 ## - SUMMARY, ETC.
Summary, etc. El acelerado envejecimiento poblacional es un cambio demográfico que requiere atención prioritaria, y para esto es necesario conocer a detalle las demandas de dicha población y los factores asociados a calidad de vida del adulto mayor.
521 ## - TARGET AUDIENCE NOTE
Target audience note AREA PROFESIONAL
590 ## - LOCAL NOTE (RLIN)
Local note Programa de Enfermería_27
650 ## - SUBJECT ADDED ENTRY--TOPICAL TERM
Topical term or geographic name entry element Enfermería
Form subdivision Tesis y disertaciones académicas
9 (RLIN) 5917
700 ## - ADDED ENTRY--PERSONAL NAME
Personal name Coronell De La Hoz, Valeryn Michell
Relator term autora
9 (RLIN) 5918
700 ## - ADDED ENTRY--PERSONAL NAME
Personal name Jiménez Medina, Laury Michell
Relator term autora
9 (RLIN) 5919
700 ## - ADDED ENTRY--PERSONAL NAME
Personal name Posada Peñate, Edith Del Carmen
Relator term tutora
9 (RLIN) 5920
700 ## - ADDED ENTRY--PERSONAL NAME
Personal name Suárez Pacheco, Laura Carolina
Relator term autora
9 (RLIN) 5921
856 ## - ELECTRONIC LOCATION AND ACCESS
Uniform Resource Identifier <a href="https://unicurn.sharepoint.com/:b:/s/biblioteca/EQ7Nyh-SIe5GmuR4V01qzjsB1OjvrMHkyeDwaslFKwop3A?e=JQs7kt">https://unicurn.sharepoint.com/:b:/s/biblioteca/EQ7Nyh-SIe5GmuR4V01qzjsB1OjvrMHkyeDwaslFKwop3A?e=JQs7kt</a>
Link text Consulte aquí el texto completo
942 ## - ADDED ENTRY ELEMENTS (KOHA)
Koha item type Trabajos de grado
Classification part ENF 2021
Item part C292f
Source of classification or shelving scheme Dewey Decimal Classification
Suppress in OPAC No
Existencias
Withdrawn status Lost status Source of classification or shelving scheme Damaged status Not for loan Collection Home library Current library Shelving location Date acquired Inventory number Total checkouts Full call number Barcode Date last seen Copy number Price effective from Koha item type
    Dewey Decimal Classification     Trabajos de grado Miguel Henríquez Castañeda Barranquilla Miguel Henríquez Castañeda Barranquilla Trabajo de grado 07/08/2022 05108   ENF 2021 C292f 05108 07/09/2022 ej.1 07/09/2022 Trabajos de grado